LEADER 01177nam a22002891i 4500 001 991001076679707536 005 20040220111945.0 008 040318s1985 it |||||||||||||||||ita 020 $a8814004625 035 $ab12714471-39ule_inst 035 $aARCHE-069873$9ExL 040 $aDip.to Filosofia$bita$cA.t.i. Arché s.c.r.l. Pandora Sicilia s.r.l. 082 04$a348.4502 110 1 $aItalia$0423419 245 10$aCodice di procedura civile e leggi complementari :$bcon il commento della giurisprudenza della Cassazione /$cM. Battaglini, T. Novelli 250 $a7. ed. aggiornata con la giurisprudenza al 31 luglio 1984 e con la legislazione al 31 dicembre 1984 260 $aMilano :$bGiuffrè,$c1985 300 $aXII, 2879 p. ;$c20 cm 650 4$aCodice di procedura civile$zItalia 700 1 $aBattaglini, Mario 700 1 $aNovelli, Tommaso 907 $a.b12714471$b02-04-14$c31-03-04 912 $a991001076679707536 945 $aLE005 DIR IV A 8$g1$i2005000154577$lle005$o-$pE0.00$q-$rl$s- $t0$u0$v0$w0$x0$y.i13238231$z31-03-04 996 $aCodice di procedura civile$937316 997 $aUNISALENTO 998 $ale005$b31-03-04$cm$da $e-$fita$git $h0$i1 LEADER 02592oas 2200973 a 450 001 9910145711203321 005 20260203110034.0 011 $a1543-0154 035 $a(DE-599)ZDB2049313-7 035 $a(OCoLC)51278268 035 $a(CONSER) 2002211803 035 $a(CKB)954927694922 035 $a(DE-599)2049313-7 035 $a(EXLCZ)99954927694922 100 $a20021227a19869999 sy a 101 0 $aeng 135 $aurcnu|||||||| 181 $ctxt$2rdacontent 182 $cc$2rdamedia 183 $acr$2rdacarrier 200 10$aJournal of cancer education 210 $aNew York $cPergamon Press$d©1986- 300 $aRefereed/Peer-reviewed 300 $aImprint varies: : Philadelphia : Hanley & Belfus, Inc.; <19uu-2007?>: Mahway, N.J. : Lawrence Erlbaum Associates; <2008?->: [New York?] : Routledge, Taylor & Francis. 311 08$a0885-8195 606 $aCancer$xStudy and teaching$vPeriodicals 606 $aMedical Oncology$xeducation 606 $aCancer$xE?tude et enseignement$vPe?riodiques 606 $aCancer$xStudy and teaching$2fast$3(OCoLC)fst00845525 606 $aCàncer$2thub 608 $aPeriodicals.$2fast 608 $aPeriodicals.$2lcgft 608 $aRevistes electròniques.$2thub 615 0$aCancer$xStudy and teaching 615 2$aMedical Oncology$xeducation. 615 6$aCancer$xE?tude et enseignement 615 7$aCancer$xStudy and teaching. 615 7$aCàncer. 676 $a616.99/4/005 712 02$aAmerican Association for Cancer Education, 712 02$aEuropean Association for Cancer Education, 712 02$aPergamon Press, Inc. 712 02$aLINK (Online service) 801 0$bNSD 801 1$bNSD 801 2$bOCLCQ 801 2$bOCL 801 2$bOCLCQ 801 2$bSBH 801 2$bNSD 801 2$bMUQ 801 2$bOCLCQ 801 2$bHEBIS 801 2$bUKMGB 801 2$bOCLCQ 801 2$bOCLCF 801 2$bOCLCQ 801 2$bZ5A 801 2$bOCLCO 801 2$bOCLCA 801 2$bAPUMS 801 2$bU3W 801 2$bOCLCO 801 2$bAU@ 801 2$bOCLCO 801 2$bWYU 801 2$bOCLCO 801 2$bOCLCA 801 2$bDLC 801 2$bOCLCO 801 2$bSFB 801 2$bOCLCA 801 2$bUBY 801 2$bCNMTR 801 2$bQGK 801 2$bOCLCQ 801 2$bUAB 801 2$bSXB 801 2$bOCLCL 801 2$bOCLCQ 906 $aJOURNAL 912 $a9910145711203321 996 $aJournal of cancer education$91940896 997 $aUNINA